00938nam a2200229 i 4500003000900000005001700009007000300026008004100029020001800070040003000088041000800118082001800126100003700144245005000181250002200231264004400253300002800297336002700325337003300352338002800385520029500413DO-SdBNP20250715114728.0ta250715s2018 dr 000 0 spa d a9781980244608 aDO-SdBNPbspacBNPHUerda aspa 4axxxbA4852221 aAmarante, Mercedeseautora4aut.10aEvidencias de un sueño /cMercedes Amarante aPrimera edición aSanto Domingo :bCasa de gloria,c2018. a117 páginas :c21 cm. atextobtxt2rdacontent asin mediaciónbn2rdamedia avolumenbnc2rdacarrier aEste libro esta dedicado a las personas que sienten que no tienen lo necesario para lograr las cosas, te ayudara a entender que si eres portador de un sueño definitivamente ya tienes lo necesario para comenzar a esforzarte para que se haga evidencia. SI LO PUEDES SOÑAR LO PUEDES LOGRAR